Selma: (Record no. 52323)

MARC details
000 -LEADER
fixed length control field 00802cam a22002531 4500
001 - CONTROL NUMBER
control field rc 01002479
003 - CONTROL NUMBER IDENTIFIER
control field DLC
005 - DATE AND TIME OF LATEST TRANSACTION
control field 20260227111906.0
007 - PHYSICAL DESCRIPTION FIXED FIELD--GENERAL INFORMATION
fixed length control field cr_|||||||||||
008 - FIXED-LENGTH DATA ELEMENTS--GENERAL INFORMATION
fixed length control field 780814s1879 alu 000 0deng
010 ## - LIBRARY OF CONGRESS CONTROL NUMBER
LC control number rc 01002479
035 ## - SYSTEM CONTROL NUMBER
System control number (OCoLC)4138532
040 ## - CATALOGING SOURCE
Original cataloging agency DLC
Transcribing agency ABAU
Modifying agency ABAU
-- DLC
042 ## - AUTHENTICATION CODE
Authentication code premarc
050 00 - LIBRARY OF CONGRESS CALL NUMBER
Classification number F334.S4
Item number H2
100 1# - MAIN ENTRY--PERSONAL NAME
Personal name Hardy, John,
Titles and words associated with a name of Selma, Ala.
245 10 - TITLE STATEMENT
Title Selma:
Remainder of title her institutions, and her men,
Statement of responsibility, etc. by John Hardy.
260 ## - PUBLICATION, DISTRIBUTION, ETC.
Place of publication, distribution, etc. Selma, Ala.,
Name of publisher, distributor, etc. Times Book and Job Office,
Date of publication, distribution, etc. 1879.
300 ## - PHYSICAL DESCRIPTION
Extent 200 p.
Dimensions 24 cm.
530 ## - ADDITIONAL PHYSICAL FORM AVAILABLE NOTE
Additional physical form available note Also available in digital form on the Internet Archive Web site.
651 #0 - SUBJECT ADDED ENTRY--GEOGRAPHIC NAME
Geographic name Selma (Ala.)
General subdivision History.
651 #0 - SUBJECT ADDED ENTRY--GEOGRAPHIC NAME
Geographic name Selma (Ala.)
General subdivision Description and travel.
856 41 - ELECTRONIC LOCATION AND ACCESS
Uniform Resource Identifier <a href="http://hdl.loc.gov/loc.gdc/scd0001.00145404095">http://hdl.loc.gov/loc.gdc/scd0001.00145404095</a>

No items available.

Powered by Koha